Institutional form of European security - status quo, challenges and future limits

Vzťahy medzi inštitúciami NATO a EÚ, NATO a OSN a NATO a OSCE.

Gespeichert in:
Bibliographische Detailangaben
1. Verfasser: Goda, Samuel
Format: Buchkapitel
Sprache:Englisch
Schlagworte:
Tags: Tag hinzufügen
Keine Tags, Fügen Sie das erste Tag hinzu!

MARC

LEADER 00000naa$a2200000$$$4500
001 0211069
005 20240502073521.3
041 0 |a eng 
044 |a SK 
245 1 0 |a Institutional form of European security - status quo, challenges and future limits  |c Samuel Goda 
520 |a Vzťahy medzi inštitúciami NATO a EÚ, NATO a OSN a NATO a OSCE. 
610 2 0 |a NATO 
610 2 0 |a Európska únia 
610 2 0 |a Organizácia spojených národov 
610 2 0 |a bezpečnosť európska 
100 1 |a Goda, Samuel